Philippians / (Record no. 10231)
[ view plain ]
| 000 -LEADER | |
|---|---|
| fixed length control field | 04005cam a2200385 i 4500 |
| 001 - CONTROL NUMBER | |
| control field | 23061188 |
| 003 - CONTROL NUMBER IDENTIFIER | |
| control field | GBCCL |
| 005 - DATE AND TIME OF LATEST TRANSACTION | |
| control field | 20241126110728.0 |
| 008 - FIXED-LENGTH DATA ELEMENTS--GENERAL INFORMATION | |
| fixed length control field | 230412s2023 miu b 001 0 eng |
| 010 ## - | |
| -- | 2023001517 |
| 020 ## - INTERNATIONAL STANDARD BOOK NUMBER | |
| International Standard Book Number | 9780310243892 |
| Qualifying information | (hardcover) |
| 040 ## - CATALOGING SOURCE | |
| Original cataloging agency | NcWfSB/DLC |
| Language of cataloging | eng |
| Description conventions | rda |
| Transcribing agency | DLC |
| Modifying agency | DLC |
| 042 ## - | |
| -- | pcc |
| 050 00 - | |
| -- | BS2705.53 |
| -- | .G88 2023 |
| 082 00 - DEWEY DECIMAL CLASSIFICATION NUMBER | |
| Classification number | 225.77 |
| -- | 227/.607 |
| Edition information | 23/eng/20230412 |
| Item number | ZON |
| 084 ## - OTHER CLASSIFICATION NUMBER | |
| Classification number | REL006810 |
| -- | REL006050 |
| Number source | bisacsh |
| 100 1# - MAIN ENTRY--PERSONAL NAME | |
| Personal name | Guthrie, George H., |
| Dates associated with a name | 1959- |
| Relator term | author. |
| 9 (RLIN) | 16470 |
| 245 10 - TITLE STATEMENT | |
| Title | Philippians / |
| Statement of responsibility, etc. | George H. Guthrie ; Clinton E. Arnold, general editor. |
| 264 #1 - PRODUCTION, PUBLICATION, DISTRIBUTION, MANUFACTURE, AND COPYRIGHT NOTICE | |
| Place of production, publication, distribution, manufacture | Grand Rapids : |
| Name of producer, publisher, distributor, manufacturer | Zondervan, |
| Date of production, publication, distribution, manufacture, or copyright notice | [2023] |
| 300 ## - PHYSICAL DESCRIPTION | |
| Extent | xix, 367 pages ; |
| Dimensions | 24 cm. |
| 336 ## - CONTENT TYPE | |
| Content type term | text |
| Content type code | txt |
| Source | rdacontent |
| 337 ## - MEDIA TYPE | |
| Media type term | unmediated |
| Media type code | n |
| Source | rdamedia |
| 338 ## - CARRIER TYPE | |
| Carrier type term | volume |
| Carrier type code | nc |
| Source | rdacarrier |
| 490 1# - SERIES STATEMENT | |
| Series statement | Zondervan exegetical commentary on the New Testament |
| 504 ## - BIBLIOGRAPHY, ETC. NOTE | |
| Bibliography, etc. note | Includes bibliographical references and index. |
| 520 ## - SUMMARY, ETC. | |
| Summary, etc. | "Designed for the pastor and Bible teacher, the Zondervan Exegetical Commentary on the New Testament features today's top New Testament scholars and brings together commentary features rarely gathered together in one volume. With careful analysis and interpretation of the Greek text, the authors trace the flow of argument in each New Testament book, giving readers the tools they need to properly understand and communicate the meaning of the text. Commentary on each passage follows a clear structure to help readers grasp the flow and meaning of the text: Literary Context: A brief discussion of how the passage functions in the broader literary context of the book. Main Idea: A one- or two-sentence statement of the big idea or central thrust of the passage. Translation and Graphical Layout: Presents each commentator's translation of the Greek text in a graphical layout to help the reader visualize, and thus better understand, the flow of thought within the text. Structure: Describes the flow of thought in the passage and explains how certain interpretive decisions regarding the relationship of the clauses were made in the passage. Exegetical Outline: The overall structure of the passage is described in a detailed exegetical outline. This will be particularly helpful for those who are looking for a way to concisely explain the flow of thought in the passage in a teaching or preaching setting. Explanation of the Text: Commentators examine words and images, grammatical details, relevant Old Testament and Jewish background to a particular concept, historical and cultural context, important text-critical issues, and various interpretive issues that surface. Theology in Application: The theological message of the passage is summarized. The author discusses the theology of the text in terms of its place within the book and in a broader biblical-theological context. Finally, each commentator provides some suggestions on what the message of the passage is for the church today.The Zondervan Exegetical Commentary on the New Testament series is the go-to resource for pastors and Bible teachers looking for deep but accessible study that equips them to connect the needs of Christians today with the biblical text"-- |
| Assigning source | Provided by publisher. |
| 520 ## - SUMMARY, ETC. | |
| Summary, etc. | "The Zondervan Exegetical Commentary on the New Testament series is the go-to resource for pastors and Bible teachers looking for deep but accessible study that equips them to connect the needs of Christians today with the biblical text"-- |
| Assigning source | Provided by publisher. |
| 630 00 - SUBJECT ADDED ENTRY--UNIFORM TITLE | |
| Uniform title | Bible. |
| Name of part/section of a work | Philippians |
| Form subdivision | Commentaries. |
| 9 (RLIN) | 12147 |
| 650 #7 - SUBJECT ADDED ENTRY--TOPICAL TERM | |
| Topical term or geographic name entry element | RELIGION / Biblical Commentary / New Testament / Paul's Letters |
| Source of heading or term | bisacsh |
| 9 (RLIN) | 17777 |
| 650 #7 - SUBJECT ADDED ENTRY--TOPICAL TERM | |
| Topical term or geographic name entry element | RELIGION / Biblical Commentary / General |
| Source of heading or term | bisacsh |
| 9 (RLIN) | 17773 |
| 830 #0 - | |
| -- | Zondervan exegetical commentary on the New Testament |
| -- | 17778 |
| 906 ## - LOCAL DATA ELEMENT F, LDF (RLIN) | |
| a | 7 |
| b | cbc |
| c | orignew |
| d | 1 |
| e | ecip |
| f | 20 |
| g | y-gencatlg |
| 942 ## - ADDED ENTRY ELEMENTS (KOHA) | |
| Source of classification or shelving scheme | Dewey Decimal Classification |
| Koha item type | Reference Books |
| Withdrawn status | Lost status | Source of classification or shelving scheme | Damaged status | Not for loan | Home library | Current Library | Shelving location | Date acquired | Total checkouts | Full call number | Barcode | Date last seen | Copy number | Price effective from | Koha item type |
|---|---|---|---|---|---|---|---|---|---|---|---|---|---|---|---|
| Dewey Decimal Classification | GRACE BIBLE COLLEGE | GRACE BIBLE COLLEGE | Commentary | 2024-05-02 | 225.77 ZON | 016779 | 2025-05-01 | c.1 | 2024-05-02 | Reference Books |